000 00232 a2200097 4500
001 51478
100 _aParker S P
245 _aMcGraw-Hill Encyclopedia of Engineering
260 _aNew York
_bMcGraw Hill
_c
090 _c32602
_d32602
942 _aNUST-CAE
_cM
_c25117
999 _c286551
_d286551